| 000 | 01155nam a2200265 i 4500 | ||
|---|---|---|---|
| 001 | 192501 | ||
| 003 | ES-MaACL | ||
| 005 | 20240204063022.0 | ||
| 008 | 230120s2021 sp i |||| ||spa d | ||
| 040 | _cES-MaACL | ||
| 100 | 1 |
_aParra, Daniel, _d1980- _eaut _9176264 |
|
| 245 | 1 | 0 |
_aTrafalgar, el viaje con Galdós : _bvida, memoria, emoción : [exposición] sala de exposiciones Museo de Historia de Madrid, del 16 de octubre de 2020 al 10 de enero de 2021 / _c[artista, Daniel Parra ; comisariado y textos históricos, Javier Noriega Hernández] |
| 260 |
_a[Madrid] : _bAyuntamiento de Madrid, _c[2021] |
||
| 300 |
_a106 páginas : _bilustraciones (blanco y negro y color) ; _c22 x 23 cm. |
||
| 500 | _aÍndice | ||
| 504 | _aBibliografía: página 106 | ||
| 600 | 1 | 4 |
_aParra, Daniel, _d1980- _vExposiciones _9176265 |
| 655 | 7 |
_2tgfbne _9193628 _aCatálogos de exposiciones |
|
| 700 | 1 |
_9235034 _aNoriega Hernández, Javier _eorm |
|
| 710 | 2 |
_9140867 _aMuseo de Historia de Madrid _ehis |
|
| 852 |
_aES-MaACL _jN-8181 _bR. 153238 _cDEPOJ _9199795 |
||
| 942 |
_cMONOGRAFIA _n0 |
||
| 999 |
_c192501 _d192501 |
||